[Event "Israel Championship Finals"]
[Site "?"]
[Date "2002.11.29"]
[Round "5"]
[White "Len, Irina"]
[Black "Zatulovskaya, Tatiana"]
[Result "0-1"]
[WhiteElo "2134"]
[BlackElo "2219"]
[PlyCount "70"]

1. d4 Nf6 2. c4 c5 3. d5 g6 4. Nc3 d6 5. e4 Bg7 6. Bd3 O-O 7. h3 e6 8. Nge2
exd5 9. cxd5 Na6 10. O-O Nc7 11. Ng3 a6 12. a4 Bd7 13. a5 Nb5 14. Bg5 h6 15.
Be3 b6 16. Qd2 Kh7 17. axb6 Qxb6 18. f4 Nd4 19. Ra3 Ng8 20. f5 Be5 21. fxg6+
fxg6 22. Rxf8 Rxf8 23. Rxa6 Qd8 24. Nge2 Qf6 25. Qc1 Bxh3 26. Ra7+ Kh8 27. Nf4
Bg4 28. Be2 Bxf4 29. Bxf4 Bxe2 30. Bg3 Qd8 31. Qe3 Bg4 32. Bf4 g5 33. Bg3 Qf6
34. Kh2 Qg6 35. b4 Rf1 0-1

[Event "Israel Championship Finals"]
[Site "?"]
[Date "2002.11.30"]
[Round "6"]
[White "Botvinnik, Irina"]
[Black "Yudasina, Irina"]
[Result "1-0"]
[WhiteElo "2187"]
[BlackElo "2128"]
[PlyCount "71"]

1. c4 e6 2. g3 d5 3. Bg2 c6 4. b3 e5 5. Bb2 d4 6. e3 c5 7. f4 exf4 8. exd4 cxd4
9. Qe2+ Be7 10. Nf3 Nf6 11. gxf4 O-O 12. O-O d3 13. Qe1 Re8 14. Kh1 Nc6 15. Ne5
Nb4 16. Na3 Bc5 17. Qg3 a6 18. Rae1 h6 19. f5 Bd4 20. Bc3 Bxc3 21. dxc3 d2 22.
Rd1 Nxa2 23. c5 Qa5 24. Nac4 Qxc3 25. Qf4 Qb4 26. Rxd2 Nc3 27. Nxf7 Nce4 28.
Nxh6+ Kh7 29. Re2 gxh6 30. Bxe4 Bd7 31. Ne5 Bb5 32. Nf7 Rxe4 33. Qxh6+ Kg8 34.
Qxf6 Rg4 35. Nh6+ Kh7 36. Re7+ 1-0

[Event "Israel Championship Finals"]
[Site "?"]
[Date "2002.11.30"]
[Round "6"]
[White "Zatulovskaya, Tatiana"]
[Black "Porat, Maya"]
[Result "1-0"]
[WhiteElo "2219"]
[BlackElo "1649"]
[PlyCount "45"]

1. e4 e5 2. Nf3 Nc6 3. Bb5 a6 4. Ba4 Nf6 5. O-O b5 6. Bb3 Be7 7. d3 d6 8. c3
O-O 9. a4 Bb7 10. Re1 h6 11. Nbd2 b4 12. Nf1 Qd7 13. Ng3 bxc3 14. bxc3 Bd8 15.
a5 Ne7 16. d4 Ng6 17. dxe5 dxe5 18. Ba3 Re8 19. Qxd7 Nxd7 20. Ba4 c6 21. Rab1
Ra7 22. Red1 Nf6 23. Bc5 1-0

[Event "Israel Championship Finals"]
[Site "?"]
[Date "2002.11.30"]
[Round "6"]
[White "Zaks, Victoria"]
[Black "Vovinkina, Natalia"]
[Result "1-0"]
[WhiteElo "1974"]
[BlackElo "2132"]
[PlyCount "95"]

1. e4 e5 2. Nf3 Nc6 3. Bb5 a6 4. Ba4 d6 5. c3 Bd7 6. O-O g6 7. d4 Bg7 8. Bg5 f6
9. Be3 Nh6 10. h3 Nf7 11. Nh2 g5 12. Qh5 Qe7 13. Nd2 O-O 14. d5 Nb8 15. Bxd7
Nxd7 16. h4 h6 17. g3 f5 18. hxg5 hxg5 19. exf5 Nf6 20. Bxg5 Nxg5 21. Qxg5 Nxd5
22. Qxe7 Nxe7 23. g4 Bh6 24. Ne4 Kf7 25. g5 d5 26. gxh6 dxe4 27. Rae1 Rg8+ 28.
Kh1 Kf6 29. Rxe4 Kxf5 30. Rh4 Rg6 31. Rg1 Rh8 32. Rh5+ Kf4 33. Rxg6 Nxg6 34.
Kg2 e4 35. Kf1 Rh7 36. Ke2 Ne5 37. Rh4+ Kf5 38. Nf1 Ng6 39. Ng3+ Kg5 40. Rxe4
Rxh6 41. Rc4 Rh7 42. Ke3 Rf7 43. Rc5+ Kh6 44. Nf5+ Kh7 45. Ke4 Nf8 46. Re5 Ng6
47. Rd5 Kg8 48. Nh6+ 1-0

[Event "Israel Championship Finals"]
[Site "?"]
[Date "2002.11.30"]
[Round "6"]
[White "Anchipolovskaya, Dora"]
[Black "Len, Irina"]
[Result "0-1"]
[WhiteElo "1671"]
[BlackElo "2134"]
[PlyCount "55"]

1. e4 c5 2. Nf3 Nc6 3. d4 cxd4 4. Nxd4 Qb6 5. Nf3 Nf6 6. Nc3 e6 7. Bd3 d6 8.
O-O a6 9. Be3 Qc7 10. a3 Be7 11. Qd2 O-O 12. Rfd1 b5 13. Bg5 Bb7 14. Bh4 Rac8
15. Bg3 Ne5 16. Nxe5 dxe5 17. Qe2 h6 18. f3 Nh5 19. Na2 Bc5+ 20. Kf1 Nxg3+ 21.
hxg3 Qe7 22. f4 exf4 23. gxf4 Qf6 24. Nc3 Qxf4+ 25. Qf3 Qg5 26. Ne2 f5 27. Ke1
fxe4 28. Qg3 0-1

[Event "Israel Championship Finals"]
[Site "?"]
[Date "2002.12.01"]
[Round "7"]
[White "Rodensky, Natalya"]
[Black "Tsifanskaya, Ludmila"]
[Result "0-1"]
[WhiteElo "1834"]
[BlackElo "2242"]
[PlyCount "114"]

1. d4 Nf6 2. Nf3 g6 3. g3 Bg7 4. Bg2 O-O 5. O-O d6 6. c3 c6 7. a4 Qc7 8. Nbd2
Nbd7 9. b4 e5 10. Qc2 d5 11. dxe5 Nxe5 12. Nd4 Re8 13. Re1 Bd7 14. e4 dxe4 15.
Nxe4 Nxe4 16. Rxe4 Rad8 17. Bf4 Qc8 18. Bg5 f6 19. Qb3+ Nf7 20. Bf4 Rxe4 21.
Bxe4 Re8 22. Bd3 Re7 23. Bd6 Be6 24. Nxe6 Qxe6 25. Qxe6 Rxe6 26. Bc5 b6 27. Bc4
Re8 28. Be3 Kf8 29. Rd1 f5 30. Bd4 Bxd4 31. cxd4 Nd6 32. Bf1 Ne4 33. b5 c5 34.
dxc5 Nxc5 35. f3 Re7 36. Rd8+ Kg7 37. Rd4 Kf6 38. Kf2 Rd7 39. Rxd7 Nxd7 40. Ke3
Nc5 41. Kd4 Nxa4 42. Kd5 g5 43. Kc6 f4 44. Kb7 Ke5 45. Bc4 Kd4 46. Bg8 h6 47.
Kc6 Nc3 48. Bf7 Ke3 49. Bh5 fxg3 50. hxg3 Ne2 51. f4 Nxg3 52. fxg5 hxg5 53. Bd1
Kd4 54. Kb7 Kc5 55. Kxa7 Ne4 56. Bf3 Nc3 57. Bc6 g4 0-1

[Event "Israel Championship Finals"]
[Site "?"]
[Date "2002.12.01"]
[Round "7"]
[White "Igla, Bella"]
[Black "Len, Irina"]
[Result "0-1"]
[WhiteElo "2160"]
[BlackElo "2134"]
[PlyCount "125"]

1. d4 f5 2. g3 Nf6 3. Bg2 e6 4. c4 Be7 5. Nh3 O-O 6. O-O d6 7. d5 e5 8. Nc3 a5
9. e4 h6 10. f4 Nxe4 11. Nxe4 fxe4 12. fxe5 dxe5 13. Be3 Na6 14. Qh5 Nc5 15.
Rxf8+ Qxf8 16. Rf1 Bf6 17. Nf2 Bd7 18. Nxe4 Nxe4 19. Bxe4 Qe8 20. Qf3 h5 21. d6
Bg4 22. Bd5+ Kh8 23. Qg2 c6 24. Be4 Qe6 25. Bd3 e4 26. Qxe4 Qxe4 27. Bxe4 Re8
28. Rf4 Bg5 29. Rf8+ Rxf8 30. Bxg5 Bh3 31. Bg2 Be6 32. Be7 Rg8 33. Kf2 g6 34.
Bf6+ Kh7 35. Ke3 Rf8 36. Be7 Ra8 37. a4 Kg7 38. Kd4 Kf7 39. Be4 Bg4 40. Kc5 Ra6
41. Bg5 Bd7 42. Kd4 Rb6 43. Kc3 c5 44. b3 Rxd6 45. Bd5+ Ke8 46. Bxb7 Bc6 47.
Bc8 Be4 48. Bf4 Rd3+ 49. Kb2 Kd8 50. Be6 Rf3 51. h4 Rf2+ 52. Ka1 Bc2 53. Bd5
Bxb3 54. Be3 Ra2+ 55. Kb1 Rxa4 56. Be4 Rxc4 57. Bxg6 Bd1 58. Bf7 Rc3 59. Bd2
Rxg3 60. Bxa5+ Ke7 61. Ba2 Rh3 62. Bd2 Kd6 63. Bg5 0-1

[Event "Israel Championship Finals"]
[Site "?"]
[Date "2002.12.01"]
[Round "7"]
[White "Vovinkina, Natalia"]
[Black "Porat, Maya"]
[Result "1-0"]
[WhiteElo "2132"]
[BlackElo "1649"]
[PlyCount "65"]

1. d4 d5 2. Nf3 Nf6 3. Bg5 e6 4. e3 Be7 5. Bd3 O-O 6. Nbd2 b6 7. Ne5 Bb7 8. f4
Nbd7 9. Qf3 c5 10. c3 g6 11. g4 Nxe5 12. fxe5 Nd7 13. Bh6 Re8 14. O-O Rf8 15.
Bxf8 Qxf8 16. Qg3 Qh6 17. Qf4 Qg7 18. g5 c4 19. Bc2 b5 20. a3 a5 21. h4 a4 22.
Nf3 Nb6 23. Nh2 Bc6 24. Ng4 Be8 25. Nh6+ Kf8 26. Rf2 Ra7 27. Raf1 Bd8 28. Bd1
Re7 29. Bg4 Nc8 30. Qg3 Nb6 31. Rf6 Rb7 32. Bxe6 Bxf6 33. exf6 1-0

[Event "Israel Championship Finals"]
[Site "?"]
[Date "2002.12.01"]
[Round "7"]
[White "Yudasina, Irina"]
[Black "Zaks, Victoria"]
[Result "1/2-1/2"]
[WhiteElo "2128"]
[BlackElo "1974"]
[PlyCount "52"]

1. e4 e5 2. Bc4 Nf6 3. d3 Bc5 4. Nf3 d6 5. c3 Bb6 6. h3 Nbd7 7. Bb3 c6 8. O-O
O-O 9. Re1 Re8 10. Nbd2 d5 11. exd5 cxd5 12. Nf1 h6 13. Ng3 Bc7 14. Nh4 Nf8 15.
Ngf5 Ng6 16. Nxg6 Bxf5 17. Nh4 Bd7 18. Nf3 Bc6 19. Be3 Qd7 20. Nh2 Rad8 21. d4
Qd6 22. Nf3 Nd7 23. g3 Qe6 24. dxe5 Nxe5 25. Nxe5 Bxe5 26. Bd4 Qd6 1/2-1/2